Bezpečnosť komunikácie na báze eliptických kriviek medzi autonómnym vozidlom a riadiacim centrom
Guardado en:
| Autor principal: | |
|---|---|
| Otros Autores: | |
| Formato: | Manuscrito Libro |
| Lenguaje: | eslovaco |
| Publicado: |
2019
|
| Materias: | |
| Acceso en línea: | http://is.stuba.sk/zp/portal_zp.pl?podrobnosti=135894 |
| Etiquetas: |
Sin Etiquetas, Sea el primero en etiquetar este registro!
|
MARC
| LEADER | 00000ntm a22000003a 4500 | ||
|---|---|---|---|
| 001 | stuzp71661 | ||
| 003 | SK-STU | ||
| 005 | 20190719091404.5 | ||
| 007 | ta | ||
| 008 | 150427s2015----xo-----f-mn---000-0-slo-d | ||
| 040 | |a STU |b slo | ||
| 041 | 0 | |a slo | |
| 044 | |a xo | ||
| 100 | 1 | |a Grnáč, Andrej |u 037000 |4 aut |U FEI Fakulta elektrotechniky a informatiky |T FEI Ústav multimediálnych informačných a komunikačných technológií |X 86875 |U E070 |Y 818 |7 86875 | |
| 242 | 0 | 1 | |a Safety of communication based on elliptic curves between the autonomous vehicle and the control center |y eng |
| 245 | 1 | 0 | |a Bezpečnosť komunikácie na báze eliptických kriviek medzi autonómnym vozidlom a riadiacim centrom |
| 260 | |c 2019 | ||
| 300 | |a 43 s. | ||
| 650 | 4 | |a Eliptické krivky |2 slo | |
| 650 | 4 | |a VANET |2 slo | |
| 650 | 4 | |a bezpečnosť komunikácie |2 slo | |
| 650 | 4 | |a OpenSSL |2 slo | |
| 650 | 4 | |a Elliptic curves |2 eng | |
| 650 | 4 | |a VANET |2 eng | |
| 650 | 4 | |a Communication security |2 eng | |
| 650 | 4 | |a OpenSSL |2 eng | |
| 700 | 1 | |a Orgoň, Miloš |u 037000 |k Z1 |4 ths |U FEI Fakulta elektrotechniky a informatiky |T FEI Ústav multimediálnych informačných a komunikačných technológií |X 2184 |U E070 |Y 818 |7 A000002184 | |
| 856 | 4 | |u http://is.stuba.sk/zp/portal_zp.pl?podrobnosti=135894 | |
| 996 | |b 284ER02898 |c E*Bc- 2898 |l EE37 |s P |a 0 |w stuzp71661_0001 | ||